| 000 | 00444nam a22001697a 4500 | ||
|---|---|---|---|
| 003 | CEME | ||
| 005 | 20210628202322.0 | ||
| 008 | 210302b xxu||||| |||| 00| 0 eng d | ||
| 040 | _c. | ||
| 082 | _a297.63 KHA | ||
| 100 |
_aKhalid Alvi.Dr _959081 |
||
| 245 | _aPayghumbrana minhaj dawaat | ||
| 260 |
_aLAHORE _bISLAMIC PUBLICATIONS _c1999 |
||
| 300 | _a716P | ||
| 650 |
_aISLAM-BIOGRAPHY-PAYGHUMBRANA MINHAJ DAWAAT _959323 |
||
| 942 |
_cBK _2ddc |
||
| 999 |
_c569331 _d569331 |
||